| 000 | 00364nam a2200145Ia 4500 | ||
|---|---|---|---|
| 008 | 150201s2011 xx 000 0 und d | ||
| 082 |
_a614.1 _bM11M |
||
| 100 | _aMATHIHARAN , K. | ||
| 245 | _aMODI,S MEDICAL JURISPRUDENCE & TOXICOLOGY | ||
| 250 | _a23RD | ||
| 260 |
_bELSEVIER _aDELHI _c2011 |
||
| 300 | _a1-1095 | ||
| 650 | _aFORENSIC MEDICINE | ||
| 942 |
_2ddc _cBK |
||
| 999 |
_c1270 _d1270 |
||